Pleased to report (Record no. 81992)

MARC details
000 -LEADER
fixed length control field 01012nam a2200193 a 4500
008 - FIXED-LENGTH DATA ELEMENTS--GENERAL INFORMATION
fixed length control field 120416s1983 ||||||||||||||||| || u
050 ## - LIBRARY OF CONGRESS CALL NUMBER
Classification number HD 1386.5 Sta
100 ## - MAIN ENTRY--PERSONAL NAME
Personal name Stapleton, Tim
245 10 - TITLE STATEMENT
Title Pleased to report
260 ## - PUBLICATION, DISTRIBUTION, ETC.
Place of publication, distribution, etc. London
Name of publisher, distributor, etc. Estates Gazette
Date of publication, distribution, etc. 1983
300 ## - PHYSICAL DESCRIPTION
Extent x, 228p.
350 ## -
-- 0.00
650 ## - SUBJECT ADDED ENTRY--TOPICAL TERM
Topical term or geographic name entry element VALUATION OF ASSETS
650 ## - SUBJECT ADDED ENTRY--TOPICAL TERM
Topical term or geographic name entry element ESTATE
995 ## -
-- ANNEX COLLECTION (Main Library)
-- 0.00
-- 726306
-- CBU-MAIN LIBRARY (Kitwe)
-- 1
-- 12.00
-- HD 1386.5 Sta
-- 2
-- AVAILABLE
-- 005741
-- Annex Low-Usage Collection
995 ## -
-- MAIN LIBRARY OPEN ACCESS
-- 0.00
-- 726305
-- CBU-MAIN LIBRARY (Kitwe)
-- 4
-- 12.00
-- HD 1386.5 Sta
-- 4
-- AVAILABLE
-- 017970
-- Main Library Open Access Collection
995 ## -
-- ANNEX COLLECTION (Main Library)
-- 0.00
-- 726308
-- CBU-MAIN LIBRARY (Kitwe)
-- 3
-- 12.00
-- HD 1386.5 Sta
-- 3
-- AVAILABLE
-- 004798
-- Annex Low-Usage Collection
995 ## -
-- MAIN LIBRARY OPEN ACCESS
-- 0.00
-- 726307
-- CBU-MAIN LIBRARY (Kitwe)
-- 2
-- 12.00
-- HD 1386.5 Sta
-- 1
-- AVAILABLE
-- 004799
-- Main Library Open Access Collection
999 ## -
-- 81992
-- 81992
Holdings
Withdrawn status Lost status Source of classification or shelving scheme Damaged status Not for loan Permanent Location Current Location Shelving location Date acquired Total Checkouts Full call number Barcode Date last seen Copy number Price effective from Koha item type
          CBU-MAIN LIBRARY, KITWE. CBU-MAIN LIBRARY, KITWE.   09/12/2023   HD 1386.5 Sta 005741 09/12/2023 1 09/12/2023 MONOGRAPH
          CBU-MAIN LIBRARY, KITWE. CBU-MAIN LIBRARY, KITWE.   09/12/2023   HD 1386.5 Sta 017970 09/12/2023 2 09/12/2023 MONOGRAPH
          CBU-MAIN LIBRARY, KITWE. CBU-MAIN LIBRARY, KITWE.   09/12/2023   HD 1386.5 Sta 004798 09/12/2023 3 09/12/2023 MONOGRAPH
          CBU-MAIN LIBRARY, KITWE. CBU-MAIN LIBRARY, KITWE.   09/12/2023   HD 1386.5 Sta 004799 09/12/2023 4 09/12/2023 MONOGRAPH